[Event "Admiral Niels Juel Cup 2013"]
[Site "Koge"]
[Date "2013.04.21"]
[Round "2"]
[White "Pavlovic, Milos"]
[Black "Prosviriakov, Vladimir"]
[Result "1-0"]
[WhiteElo "2509"]
[BlackElo "2304"]
[PlyCount "45"]
[EventDate "2013.??.??"]
[EventCountry "DEN"]


1. e4 e5 2. Nf3 Nc6 3. Nc3 g6 4. d4 exd4 5. Nxd4 Bg7 6. Be3 Nf6 7. Nxc6 bxc6 8.
e5 Ng8 9. Qe2 Qe7 10. Bd4 Qb4 11. O-O-O c5 12. Nd5 Qa5 13. Bc3 Qxa2 14. Qe4 Bb7
15. Bc4 Bh6+ 16. f4 Qa1+ 17. Kd2 Qa4 18. Nxc7+ Ke7 19. Qxb7 Qxc4 20. Nd5+ Ke6
21. Ke3 Nf6 22. exf6 Rhe8 23. Kf3 1-0

[Event "Admiral Niels Juel Cup 2013"]
[Site "Koge"]
[Date "2013.04.21"]
[Round "2"]
[White "Thuesen, Mogens Henrik"]
[Black "Roy Chowdhury, Saptarshi"]
[Result "0-1"]
[WhiteElo "2261"]
[BlackElo "2471"]
[PlyCount "96"]
[EventDate "2013.??.??"]
[EventCountry "DEN"]


1. d4 Nf6 2. Bg5 e6 3. e4 h6 4. Bxf6 Qxf6 5. Nc3 Bb4 6. Qd3 d6 7. O-O-O O-O 8.
g3 c5 9. e5 Qxf2 10. Nb5 Nc6 11. c3 Ba5 12. Nxd6 cxd4 13. cxd4 Nb4 14. Qb3 Nd5
15. Nh3 Qe3+ 16. Qxe3 Nxe3 17. Rd3 Nxf1 18. Rxf1 Bb4 19. Nxc8 Raxc8+ 20. Kb1
Rfd8 21. Nf4 Be7 22. Rfd1 Kf8 23. h4 g5 24. hxg5 Bxg5 25. Ne2 Ke7 26. Nc3 f6
27. exf6+ Bxf6 28. Ne4 Rd5 29. Nxf6 Kxf6 30. Rh1 h5 31. Rf3+ Kg6 32. Rhf1 Rf5
33. Rxf5 exf5 34. a3 Kf6 35. Rh1 Kg5 36. Rh4 Re8 37. Kc2 Re3 38. d5 Rxg3 39.
Rd4 Kf6 40. Rh4 Rg5 41. Rh1 Ke5 42. Rd1 Rg7 43. Kc3 h4 44. d6 Ke6 45. Kc4 h3
46. Kc5 h2 47. Re1+ Kd7 48. Rh1 Rg2 0-1

[Event "Admiral Niels Juel Cup 2013"]
[Site "Koge"]
[Date "2013.04.21"]
[Round "2"]
[White "Rozentalis, Eduardas"]
[Black "Stojanovski, Sandi"]
[Result "1-0"]
[WhiteElo "2631"]
[BlackElo "2260"]
[PlyCount "127"]
[EventDate "2013.??.??"]
[EventCountry "DEN"]


1. e4 c5 2. Nf3 Nc6 3. Bb5 g6 4. Bxc6 dxc6 5. d3 Bg4 6. h3 Bxf3 7. Qxf3 Bg7 8.
Nc3 Nf6 9. Be3 Nd7 10. O-O O-O 11. Qe2 e5 12. a4 Qe7 13. Nb1 Rfd8 14. Nd2 Nf8
15. Nc4 Ne6 16. c3 Rd7 17. Rfd1 b6 18. Rab1 Rad8 19. Qc2 Qf8 20. b4 cxb4 21.
cxb4 Nd4 22. Bxd4 Rxd4 23. b5 Qc5 24. Qb3 cxb5 25. axb5 Bh6 26. Ra1 R4d7 27. g3
Qe7 28. Kg2 Rc8 29. Ra4 Rc5 30. Rda1 Kg7 31. Qa3 Qd8 32. Rd1 Qe7 33. Qb2 Kg8
34. Qb3 Qd8 35. Qa3 Qe7 36. Ra1 Rcc7 37. Qxe7 Rxe7 38. Kf3 f6 39. Ke2 Kf7 40.
Rf1 f5 41. h4 Ke6 42. h5 fxe4 43. dxe4 Red7 44. hxg6 hxg6 45. Rd1 Rxd1 46. Kxd1
Rd7+ 47. Ke1 Rd4 48. Nb2 Rd2 49. Nd1 Rc2 50. Rxa7 Bd2+ 51. Kf1 Bb4 52. Ne3 Rc1+
53. Ke2 Bc5 54. Ng4 Rb1 55. Rg7 Rxb5 56. Rxg6+ Ke7 57. Rg5 Bd4 58. Kd3 Rb3+ 59.
Kc4 Rc3+ 60. Kb5 Rc2 61. f4 exf4 62. gxf4 Re2 63. e5 Re4 64. Nf6 1-0

[Event "Admiral Niels Juel Cup 2013"]
[Site "Koge"]
[Date "2013.04.21"]
[Round "2"]
[White "Narciso Dublan, Marc"]
[Black "Shaikh, Mohammad Nubairshah"]
[Result "1-0"]
[WhiteElo "2551"]
[BlackElo "2166"]
[PlyCount "103"]
[EventDate "2013.??.??"]
[EventCountry "DEN"]


1. e4 c6 2. d4 d5 3. Nd2 dxe4 4. Nxe4 Bf5 5. Nc5 e5 6. Nxb7 Qb6 7. Nc5 Bxc5 8.
dxc5 Qxc5 9. c3 Nf6 10. Nf3 O-O 11. Be2 Nbd7 12. O-O Qb6 13. Nd2 Rfd8 14. Nc4
Qc7 15. Qd6 Qxd6 16. Nxd6 Be6 17. Nb7 Rdc8 18. Na5 Rab8 19. Re1 Nc5 20. Bc4
Bxc4 21. Nxc4 Nd3 22. Re2 Re8 23. Be3 a6 24. Rd1 e4 25. Bd4 Re6 26. Bxf6 gxf6
27. b3 Kg7 28. Re3 f5 29. f3 Rbe8 30. fxe4 fxe4 31. Rf1 Nc5 32. Rg3+ Rg6 33.
Nd6 Ree6 34. Nf5+ Kf8 35. Rh3 h6 36. Rh5 Nd3 37. Ne3 Rg5 38. Rxg5 hxg5 39. Rf5
f6 40. g3 Ne5 41. Kf1 Rd6 42. Ke2 Ke7 43. Rxe5+ fxe5 44. Nf5+ Ke6 45. Nxd6 Kxd6
46. h4 gxh4 47. gxh4 Ke6 48. Ke3 Kf5 49. b4 Kg4 50. Kxe4 Kxh4 51. Kxe5 Kg5 52.
Kd6 1-0

[Event "Admiral Niels Juel Cup 2013"]
[Site "Koge"]
[Date "2013.04.21"]
[Round "2"]
[White "Solodovnichenko, Yuri"]
[Black "Nielsen, Michael(1983)"]
[Result "1-0"]
[WhiteElo "2543"]
[BlackElo "2176"]
[PlyCount "53"]
[EventDate "2013.??.??"]
[EventCountry "DEN"]


1. e4 e5 2. Nf3 Nc6 3. Bb5 a6 4. Ba4 Nf6 5. O-O Nxe4 6. d4 b5 7. Bb3 d5 8. dxe5
Be6 9. Nbd2 Nc5 10. c3 Be7 11. Bc2 d4 12. Nb3 d3 13. Nxc5 dxc2 14. Qxd8+ Rxd8
15. Nxe6 fxe6 16. Be3 Rd5 17. c4 bxc4 18. Rfc1 Nb4 19. a3 Nd3 20. Rxc2 O-O 21.
Rxc4 Nxb2 22. Rxc7 Bxa3 23. Nd4 Bb4 24. Nxe6 Ra8 25. Rxg7+ Kh8 26. Rg4 Rb8 27.
Bg5 1-0

[Event "Admiral Niels Juel Cup 2013"]
[Site "Koge"]
[Date "2013.04.21"]
[Round "2"]
[White "Rosenkilde, Alexander"]
[Black "Grove, Michael"]
[Result "1-0"]
[WhiteElo "2247"]
[BlackElo "2015"]
[PlyCount "73"]
[EventDate "2013.??.??"]
[EventCountry "DEN"]


1. d4 Nf6 2. c4 c5 3. d5 e6 4. Nc3 exd5 5. cxd5 d6 6. Nf3 g6 7. g3 Bg7 8. Bg2
O-O 9. O-O Re8 10. Nd2 a6 11. a4 Nbd7 12. h3 Rb8 13. Nc4 Ne5 14. Na3 Nh5 15. e4
Bd7 16. a5 Qxa5 17. g4 Nf6 18. f4 Nexg4 19. hxg4 Nxg4 20. Qe1 b5 21. Nc2 Qb6
22. Qg3 c4+ 23. Kh1 f5 24. Ne3 b4 25. Na4 Bxa4 26. Nxg4 fxg4 27. Rxa4 Qb5 28.
Ra1 c3 29. bxc3 Bxc3 30. Rb1 Rxe4 31. Qxc3 Re2 32. Qd4 Qc5 33. Qxc5 dxc5 34. d6
Rd8 35. Rd1 a5 36. Bb2 a4 37. Bf6 1-0

[Event "Admiral Niels Juel Cup 2013"]
[Site "Koge"]
[Date "2013.04.21"]
[Round "2"]
[White "Eriksson, Christian Altenburg"]
[Black "Schmidt, Horst Hubert"]
[Result "1-0"]
[WhiteElo "2173"]
[BlackElo "1841"]
[PlyCount "85"]
[EventDate "2013.??.??"]
[EventCountry "DEN"]


1. e4 d6 2. d4 g6 3. Nc3 Bg7 4. Nf3 Nf6 5. Be2 O-O 6. O-O b6 7. Re1 Bb7 8. Bf1
Nc6 9. d5 Ne5 10. Nxe5 dxe5 11. Bc4 a6 12. a4 c6 13. dxc6 Bxc6 14. Qe2 Qc8 15.
f3 e6 16. Be3 Qb7 17. Rad1 Rfe8 18. Qf2 b5 19. axb5 axb5 20. Bb3 b4 21. Nb1 Nd7
22. Nd2 Kh8 23. Nc4 Bf8 24. Nd6 Bxd6 25. Rxd6 Kg7 26. Qh4 h5 27. Red1 Qb5 28.
Qf2 Nf6 29. Bg5 Ng8 30. Qd2 Qb7 31. Kh1 f6 32. Be3 Kf7 33. Bc5 Rab8 34. Ra1 Qb5
35. Ra7+ Rb7 36. Rxb7+ Qxb7 37. Qxb4 Qa8 38. h3 f5 39. exf5 gxf5 40. Qc3 e4 41.
Qe5 Bd5 42. Bxd5 exd5 43. Qxf5+ 1-0

[Event "Admiral Niels Juel Cup 2013"]
[Site "Koge"]
[Date "2013.04.21"]
[Round "2"]
[White "Karunanayake, Mayuri"]
[Black "Pedersen, Hans Dahl"]
[Result "0-1"]
[WhiteElo "1614"]
[BlackElo "2174"]
[PlyCount "78"]
[EventDate "2013.??.??"]
[EventCountry "DEN"]


1. e4 c5 2. Nf3 e6 3. c3 Nf6 4. e5 Nd5 5. d4 cxd4 6. cxd4 d6 7. Nc3 Nxc3 8.
bxc3 Nc6 9. exd6 Bxd6 10. Bd3 Qc7 11. Qe2 Ne7 12. Bd2 Bd7 13. O-O Bc6 14. h3
O-O 15. Ng5 h6 16. Ne4 Bh2+ 17. Kh1 Bf4 18. Rfe1 Rac8 19. Rec1 Rfd8 20. f3 Nf5
21. Qf2 Bxd2 22. Qxd2 Ne7 23. Rc2 Nd5 24. Rac1 Nf4 25. Bf1 e5 26. g3 Ne6 27.
Qf2 Ba4 28. Rb2 exd4 29. Rb4 Be8 30. Rcb1 dxc3 31. Rc4 Qe7 32. Rxc3 Rxc3 33.
Nxc3 Bc6 34. Kh2 Qf6 35. Rc1 Qxf3 36. Qxf3 Bxf3 37. Rb1 Rd2+ 38. Kg1 Nd4 39.
Rxb7 Bxb7 0-1

[Event "Admiral Niels Juel Cup 2013"]
[Site "Koge"]
[Date "2013.04.21"]
[Round "2"]
[White "Vovk, Oksana"]
[Black "Anghel, Mihai Ursta"]
[Result "1-0"]
[WhiteElo "2133"]
[BlackElo "1643"]
[PlyCount "71"]
[EventDate "2013.??.??"]
[EventCountry "DEN"]


1. d4 g6 2. c4 Bg7 3. Nc3 c5 4. d5 d6 5. e4 a6 6. a4 Nf6 7. Nf3 O-O 8. Be2 e6
9. O-O exd5 10. cxd5 Re8 11. Nd2 Nbd7 12. h3 Ne5 13. f4 Ned7 14. Re1 Bh6 15. g3
Bf8 16. Bf3 Rb8 17. a5 b5 18. axb6 Nxb6 19. Kh2 Qd7 20. Bg2 Nh5 21. e5 f5 22.
e6 Qe7 23. Nf3 h6 24. Nh4 Kh7 25. Nxf5 Qd8 26. Nh4 Be7 27. Nxg6 Nf6 28. Nxe7
Qxe7 29. Qd3+ Kg7 30. b3 Rg8 31. Bb2 Kf8 32. Qf5 Ke8 33. Na4 Rf8 34. Nxc5 Nbxd5
35. Nd7 Rb5 36. Qg6+ 1-0

[Event "Admiral Niels Juel Cup 2013"]
[Site "Koge"]
[Date "2013.04.21"]
[Round "2"]
[White "Bruun, Henrik Emil"]
[Black "Bjorn, Steen"]
[Result "1-0"]
[WhiteElo "2085"]
[BlackElo "1608"]
[PlyCount "55"]
[EventDate "2013.??.??"]
[EventCountry "DEN"]


1. e4 c5 2. Nf3 Nc6 3. d4 cxd4 4. Nxd4 e5 5. Nf5 d6 6. Ne3 Nf6 7. Nc3 Be6 8.
Be2 Be7 9. O-O O-O 10. Ned5 Bxd5 11. exd5 Nd4 12. Bd3 a6 13. Ne2 Nxe2+ 14. Qxe2
Qd7 15. c4 Ne8 16. f4 f5 17. fxe5 dxe5 18. Qxe5 Bc5+ 19. Be3 Bxe3+ 20. Qxe3 Nd6
21. Rae1 Rae8 22. Qd4 Rxe1 23. Rxe1 Qf7 24. Qf4 Qd7 25. Re6 Ne4 26. Bxe4 fxe4
27. Qxe4 Qa4 28. h3 1-0

[Event "Admiral Niels Juel Cup 2013"]
[Site "Koge"]
[Date "2013.04.21"]
[Round "2"]
[White "Aage, Bjarke Gadgaard"]
[Black "Dupovac, Faruk"]
[Result "1-0"]
[WhiteElo "2067"]
[BlackElo "1377"]
[PlyCount "47"]
[EventDate "2013.??.??"]
[EventCountry "DEN"]


1. e4 c5 2. c3 Nc6 3. d4 e6 4. d5 Ne5 5. f4 Ng6 6. c4 d6 7. Nf3 Nf6 8. Nc3 b6
9. Bd3 Be7 10. e5 Ng4 11. dxe6 Bxe6 12. f5 N4xe5 13. fxe6 Nxd3+ 14. Qxd3 fxe6
15. Qe4 Qc8 16. Bg5 O-O 17. O-O Rf5 18. Bxe7 Nxe7 19. Nb5 d5 20. cxd5 Rxd5 21.
Rae1 Nf5 22. Ng5 a6 23. Nxe6 Ne7 24. Rf8+ 1-0

[Event "Admiral Niels Juel Cup 2013"]
[Site "Koge"]
[Date "2013.04.21"]
[Round "2"]
[White "Andersen, Hans Erik"]
[Black "Rishubh Naresh, Naik"]
[Result "0-1"]
[WhiteElo "1719"]
[BlackElo "1942"]
[PlyCount "66"]
[EventDate "2013.??.??"]
[EventCountry "DEN"]


1. e4 e6 2. d4 d5 3. e5 c5 4. c3 Nc6 5. Be3 Qb6 6. b3 cxd4 7. Bxd4 Nxd4 8. Qxd4
Bc5 9. Qf4 a5 10. Nh3 Ne7 11. Bd3 Ng6 12. Bxg6 fxg6 13. O-O Rf8 14. Qh4 h6 15.
Qg4 g5 16. Nd2 g6 17. c4 Rf5 18. Qg3 Bd7 19. Kh1 h5 20. f4 g4 21. Nf2 Be3 22.
Nxg4 hxg4 23. Rad1 Bxd2 24. Rxd2 O-O-O 25. Qxg4 Be8 26. cxd5 exd5 27. Rc1+ Kb8
28. Qf3 Bc6 29. Qg4 Qe3 30. Rdc2 Qxf4 31. Qxf4 Rxf4 32. Re1 Re4 33. Rce2 Re8
0-1

[Event "Admiral Niels Juel Cup 2013"]
[Site "Koge"]
[Date "2013.04.21"]
[Round "2"]
[White "Kokholm, Daniel"]
[Black "Petersen, Henry"]
[Result "1-0"]
[WhiteElo "1937"]
[BlackElo "1159"]
[PlyCount "45"]
[EventDate "2013.??.??"]
[EventCountry "DEN"]


1. d4 Nf6 2. Nc3 e6 3. e4 b6 4. e5 Nd5 5. Nxd5 exd5 6. c3 d6 7. f4 dxe5 8. dxe5
c5 9. Nf3 Bb7 10. Bd3 Nc6 11. O-O Be7 12. e6 fxe6 13. Ng5 Bxg5 14. fxg5 Qd7 15.
Qh5+ Kd8 16. g6 Qe8 17. Bg5+ Kc8 18. Rae1 e5 19. Qg4+ Kb8 20. gxh7 e4 21. Bf4+
Ne5 22. Qxg7 exd3 23. Rxe5 1-0

[Event "Admiral Niels Juel Cup 2013"]
[Site "Koge"]
[Date "2013.04.21"]
[Round "2"]
[White "Brondum, Jan Kraul"]
[Black "Stuhr, Peter Sebastian"]
[Result "0-1"]
[WhiteElo "1585"]
[BlackElo "1941"]
[PlyCount "62"]
[EventDate "2013.??.??"]
[EventCountry "DEN"]


1. b3 e5 2. Bb2 Nc6 3. c4 Bc5 4. e3 d6 5. Nc3 f5 6. Na4 Bb4 7. a3 Ba5 8. Nc3
Nf6 9. Rc1 O-O 10. Bd3 Qe8 11. Nge2 a6 12. f3 Bb6 13. O-O f4 14. Nd5 Nxd5 15.
cxd5 fxe3 16. Kh1 Ne7 17. Be4 exd2 18. Qxd2 Bf5 19. Ng3 Bxe4 20. fxe4 Qb5 21.
b4 Ng6 22. Rf5 Nf4 23. Rxf8+ Rxf8 24. Rd1 Nh5 25. Nf5 g6 26. a4 Qxa4 27. Rf1
Qe8 28. Qg5 Kh8 29. g4 gxf5 30. gxh5 fxe4 31. Rg1 Bxg1 0-1

[Event "Admiral Niels Juel Cup 2013"]
[Site "Koge"]
[Date "2013.04.21"]
[Round "3"]
[White "Roy Chowdhury, Saptarshi"]
[Black "Burmakin, Vladimir"]
[Result "1/2-1/2"]
[WhiteElo "2471"]
[BlackElo "2580"]
[PlyCount "31"]
[EventDate "2013.??.??"]
[EventCountry "DEN"]


1. e4 c6 2. Nc3 d5 3. Nf3 dxe4 4. Nxe4 Nd7 5. Bc4 Ndf6 6. Nxf6+ Nxf6 7. Ne5 Nd5
8. d4 g6 9. O-O Bg7 10. Bb3 O-O 11. c4 Nc7 12. Re1 Qd6 13. f4 Be6 14. Be3 Qd8
15. Qf3 Ne8 16. Rad1 1/2-1/2

[Event "Admiral Niels Juel Cup 2013"]
[Site "Koge"]
[Date "2013.04.21"]
[Round "3"]
[White "Danin, Alexandre"]
[Black "Pavlovic, Milos"]
[Result "1/2-1/2"]
[WhiteElo "2575"]
[BlackElo "2509"]
[PlyCount "47"]
[EventDate "2013.??.??"]
[EventCountry "DEN"]


1. e4 c5 2. Nf3 e6 3. Nc3 a6 4. d4 cxd4 5. Nxd4 Qc7 6. Be2 Nf6 7. O-O d6 8. f4
Be7 9. Be3 O-O 10. Bf3 Nc6 11. Nxc6 bxc6 12. Na4 c5 13. c4 Bb7 14. Qc2 Rfe8 15.
Rad1 Rad8 16. Nc3 Nd7 17. Kh1 Bf6 18. Rd3 Nf8 19. Rfd1 Ng6 20. Qd2 Nh4 21. Rxd6
Nxf3 22. gxf3 Bd4 23. Rxd8 Rxd8 24. Ne2 1/2-1/2

[Event "Admiral Niels Juel Cup 2013"]
[Site "Koge"]
[Date "2013.04.21"]
[Round "3"]
[White "Gleizerov, Evgeny"]
[Black "Arjun, Bharat"]
[Result "1/2-1/2"]
[WhiteElo "2546"]
[BlackElo "2281"]
[PlyCount "59"]
[EventDate "2013.??.??"]
[EventCountry "DEN"]


1. d4 d5 2. c4 c6 3. Nf3 Nf6 4. Nc3 dxc4 5. a4 Bf5 6. e3 e6 7. Bxc4 Bb4 8. O-O
Nbd7 9. Nh4 Bg6 10. Qb3 a5 11. g3 Qb6 12. Nxg6 hxg6 13. Rd1 O-O 14. Qc2 c5 15.
d5 Ne5 16. b3 Nxc4 17. bxc4 Rfd8 18. Rb1 exd5 19. Nxd5 Qe6 20. Nxf6+ Qxf6 21.
Bb2 Qf3 22. Rd3 Rxd3 23. Qxd3 Qc6 24. Ra1 Qe8 25. Qd5 Rd8 26. Qxb7 Rd2 27. Ba3
Qe5 28. Qc8+ Kh7 29. Qh3+ Kg8 30. Qc8+ 1/2-1/2

[Event "Admiral Niels Juel Cup 2013"]
[Site "Koge"]
[Date "2013.04.21"]
[Round "3"]
[White "Sokolov, Ivan"]
[Black "Narciso Dublan, Marc"]
[Result "1-0"]
[WhiteElo "2643"]
[BlackElo "2551"]
[PlyCount "75"]
[EventDate "2013.??.??"]
[EventCountry "DEN"]


1. d4 f5 2. Nc3 Nf6 3. Bg5 d5 4. e3 e6 5. Nf3 Be7 6. Bd3 O-O 7. Ne2 c5 8. c4
cxd4 9. exd4 Nc6 10. O-O Ne4 11. Bxe7 Qxe7 12. Rc1 Rd8 13. Re1 Qb4 14. Qc2 Qb6
15. a3 a5 16. c5 Qc7 17. Bb5 Na7 18. a4 Bd7 19. Bxd7 Rxd7 20. Ne5 Re7 21. f3
Nf6 22. Nc3 Nc6 23. Nb5 Qd8 24. Nd3 Ra6 25. Re3 Qb8 26. Rce1 Nd8 27. Nd6 g6 28.
Qf2 Ne8 29. Qh4 Kf8 30. Nb5 Qc8 31. Nc3 Rd7 32. Ne5 Rg7 33. Nxd5 g5 34. Qh5
exd5 35. Nd7+ Rxd7 36. Qxe8+ Kg7 37. Re7+ Rxe7 38. Rxe7+ 1-0

[Event "Admiral Niels Juel Cup 2013"]
[Site "Koge"]
[Date "2013.04.21"]
[Round "3"]
[White "Solodovnichenko, Yuri"]
[Black "Rozentalis, Eduardas"]
[Result "1/2-1/2"]
[WhiteElo "2543"]
[BlackElo "2631"]
[PlyCount "61"]
[EventDate "2013.??.??"]
[EventCountry "DEN"]


1. e4 e6 2. d4 d5 3. Nc3 dxe4 4. Nxe4 Bd7 5. Nf3 Bc6 6. Bd3 Nd7 7. O-O Bxe4 8.
Bxe4 c6 9. c3 Ngf6 10. Bc2 Be7 11. Re1 O-O 12. Qd3 Re8 13. Bg5 g6 14. Rad1 Qc7
15. g3 Rad8 16. Bf4 Bd6 17. Bg5 Be7 18. Bf4 Bd6 19. Bc1 a6 20. Ng5 Bf8 21. Qf3
Bg7 22. a3 Qa5 23. Qe2 c5 24. c4 cxd4 25. Rxd4 h6 26. Ne4 Nxe4 27. Rxe4 Nf6 28.
Re3 Rd4 29. Rd1 Red8 30. Red3 Ng4 31. h3 1/2-1/2

[Event "Admiral Niels Juel Cup 2013"]
[Site "Koge"]
[Date "2013.04.21"]
[Round "3"]
[White "Epishin, Vladimir"]
[Black "Satyapragyan, Swayangsu"]
[Result "1/2-1/2"]
[WhiteElo "2612"]
[BlackElo "2463"]
[PlyCount "77"]
[EventDate "2013.??.??"]
[EventCountry "DEN"]


1. d4 Nf6 2. Nf3 c5 3. d5 b5 4. a4 b4 5. c4 d6 6. Nbd2 g6 7. g3 Bg7 8. Bg2 O-O
9. O-O a5 10. e4 e6 11. dxe6 Bxe6 12. Re1 Nc6 13. Ra2 Ng4 14. b3 Nge5 15. Nf1
Nxf3+ 16. Bxf3 Nd4 17. Be3 Bd7 18. Bxd4 Bxd4 19. Ne3 Bc6 20. Rd2 Qe7 21. Ree2
Rfe8 22. Nc2 Be5 23. Bg2 Rad8 24. Rd3 Bg7 25. Rde3 Qb7 26. h4 Bh6 27. f4 Bg7
28. Kh2 h5 29. Qh1 Re6 30. f5 Ree8 31. Qf1 Be5 32. Rf2 Qe7 33. Kh1 Qb7 34. Kh2
Qe7 35. Kg1 Qb7 36. Qd1 Qe7 37. Qf1 Qb7 38. Qd1 Qe7 39. Qf1 1/2-1/2

[Event "Admiral Niels Juel Cup 2013"]
[Site "Koge"]
[Date "2013.04.21"]
[Round "3"]
[White "Ulibin, Mikhail"]
[Black "Pedersen, Nicolai Vesterbaek"]
[Result "1-0"]
[WhiteElo "2521"]
[BlackElo "2413"]
[PlyCount "63"]
[EventDate "2013.??.??"]
[EventCountry "DEN"]


1. d4 Nf6 2. c4 e6 3. Nc3 c5 4. d5 exd5 5. cxd5 d6 6. e4 g6 7. Bd3 Bg7 8. h3
O-O 9. Nf3 b5 10. Nxb5 Re8 11. O-O Nxe4 12. Re1 Nf6 13. Rxe8+ Nxe8 14. Bg5 Qd7
15. Qe2 Na6 16. Nxa7 Nec7 17. Nxc8 Qxc8 18. Bc4 Qb7 19. Rd1 Qxb2 20. Qxb2 Bxb2
21. Bf4 Rd8 22. Rb1 Ba3 23. Rb3 Bb4 24. a3 Ba5 25. Rb7 Nb8 26. Ng5 Kg7 27. Ne4
Ne8 28. Bg5 Rc8 29. Bb5 c4 30. Bxe8 Rxe8 31. Bf6+ Kh6 32. Nxd6 1-0

[Event "Admiral Niels Juel Cup 2013"]
[Site "Koge"]
[Date "2013.04.21"]
[Round "3"]
[White "Eriksson, Christian Altenburg"]
[Black "Sharma, Dinesh K"]
[Result "0-1"]
[WhiteElo "2173"]
[BlackElo "2371"]
[PlyCount "86"]
[EventDate "2013.??.??"]
[EventCountry "DEN"]


1. e4 e6 2. d4 d5 3. e5 c5 4. c3 Nc6 5. Nf3 Qb6 6. a3 Nh6 7. b4 cxd4 8. cxd4
Nf5 9. Bb2 Be7 10. Bd3 O-O 11. Bxf5 exf5 12. O-O Be6 13. Nc3 Rfc8 14. Rc1 h6
15. h4 Qd8 16. h5 a5 17. b5 Nb8 18. Qb3 Nd7 19. Na4 Nb6 20. Nc5 a4 21. Qa2 Nc4
22. Nxb7 Qb6 23. Nd6 Nxd6 24. exd6 Bxd6 25. Rc6 Rxc6 26. bxc6 Qxc6 27. Ne5 Qc2
28. Qa1 Qb3 29. Rd1 Rb8 30. Rd2 f4 31. Nd3 Bg4 32. Nc5 Qc4 33. Bc3 Bxh5 34. Bb4
f3 35. g3 Bg4 36. Qf1 Qxf1+ 37. Kxf1 Bf5 38. Rd1 Ra8 39. Ra1 g5 40. Ra2 h5 41.
Nxa4 Bxb4 42. axb4 Bd3+ 43. Kg1 Bc4 0-1

[Event "Admiral Niels Juel Cup 2013"]
[Site "Koge"]
[Date "2013.04.21"]
[Round "3"]
[White "Strange, Mikkel"]
[Black "Vovk, Oksana"]
[Result "1/2-1/2"]
[WhiteElo "2335"]
[BlackElo "2133"]
[PlyCount "72"]
[EventDate "2013.??.??"]
[EventCountry "DEN"]


1. e4 e6 2. d4 d5 3. e5 c5 4. c3 Qb6 5. Nf3 Nc6 6. a3 c4 7. Nbd2 Na5 8. g3 Bd7
9. h4 O-O-O 10. Bh3 f6 11. exf6 gxf6 12. O-O Kb8 13. Rb1 Ka8 14. Re1 Re8 15. b3
cxb3 16. Nxb3 Nxb3 17. Rxb3 Qa6 18. Rb2 Nh6 19. Rbe2 Nf7 20. c4 dxc4 21. d5 Ba4
22. Rxe6 Rxe6 23. Rxe6 Qxe6 24. Qxa4 Qxd5 25. Qe8+ Nd8 26. Be3 Bg7 27. Qe7 Qf7
28. Qc5 Nc6 29. Nd4 Bf8 30. Qb5 Nxd4 31. Bxd4 Bd6 32. Bg2 Be5 33. Bd5 Qc7 34.
Bxe5 fxe5 35. Bxc4 Rd8 36. Bf1 Rf8 1/2-1/2

[Event "Admiral Niels Juel Cup 2013"]
[Site "Koge"]
[Date "2013.04.21"]
[Round "3"]
[White "Pedersen, Hans Dahl"]
[Black "Dambrauskas, Virginijus"]
[Result "1/2-1/2"]
[WhiteElo "2174"]
[BlackElo "2315"]
[PlyCount "130"]
[EventDate "2013.??.??"]
[EventCountry "DEN"]


1. c4 e6 2. g3 d5 3. Bg2 c6 4. Nf3 Nd7 5. Qc2 Bd6 6. d4 Ne7 7. O-O f5 8. Nc3
O-O 9. cxd5 exd5 10. Ng5 Nf6 11. Nh3 Ng6 12. Bg5 Qe8 13. Bxf6 Rxf6 14. e3 Nf8
15. Ne2 Ne6 16. Nef4 Nxf4 17. exf4 h6 18. Rfe1 Qf8 19. Bf1 Bd7 20. Kg2 c5 21.
dxc5 Bxc5 22. Qb3 Bc6 23. Be2 Rd8 24. Bf3 Qf7 25. Rac1 Bb6 26. Re5 Bd4 27. Re2
Rfd6 28. Qd3 Bb6 29. Rce1 R6d7 30. Re5 Rf8 31. b4 a6 32. Qc2 Bc7 33. Re6 Bd6
34. Qb3 Re7 35. Rxe7 Bxe7 36. a4 d4 37. Qxf7+ Kxf7 38. b5 Bxf3+ 39. Kxf3 axb5
40. axb5 Rc8 41. Re5 g6 42. Rd5 Rd8 43. Rxd8 Bxd8 44. Ke2 Ke6 45. Kd3 Kd5 46.
Ng1 Kc5 47. Nf3 Bf6 48. Ne5 Kxb5 49. Kxd4 g5 50. Kd5 gxf4 51. gxf4 Bh4 52. Ke6
Kc5 53. Kxf5 b5 54. Ke4 h5 55. f5 Kd6 56. Nd3 Bf6 57. Nf4 Be5 58. Nxh5 Bxh2 59.
Ng3 Bg1 60. Kf3 b4 61. Kg2 Bxf2 62. Kxf2 b3 63. Ke2 b2 64. Ne4+ Ke5 65. Nc3
Kxf5 1/2-1/2

[Event "Admiral Niels Juel Cup 2013"]
[Site "Koge"]
[Date "2013.04.21"]
[Round "3"]
[White "Prosviriakov, Vladimir"]
[Black "Bruun, Henrik Emil"]
[Result "1-0"]
[WhiteElo "2304"]
[BlackElo "2085"]
[PlyCount "87"]
[EventDate "2013.??.??"]
[EventCountry "DEN"]


1. e4 d6 2. d4 g6 3. Nc3 Nf6 4. g3 Bg7 5. Bg2 O-O 6. Nge2 Nbd7 7. h3 c5 8. Be3
Rb8 9. a4 b6 10. O-O Bb7 11. d5 a6 12. Rb1 Qc7 13. f4 Ba8 14. g4 b5 15. g5 Ne8
16. axb5 axb5 17. Qe1 e6 18. f5 exf5 19. exf5 gxf5 20. Ng3 b4 21. Nce2 Ne5 22.
Nxf5 b3 23. c3 Qd7 24. Be4 f6 25. Nf4 fxg5 26. Ne6 Rf6 27. Bxg5 Rxe6 28. dxe6
Qxe6 29. Bxa8 Rxa8 30. Qg3 Ra7 31. Rbe1 Qg6 32. Kh2 Rf7 33. Ne7+ Rxe7 34. Bxe7
Qxg3+ 35. Kxg3 Nd3 36. Re2 Be5+ 37. Kg4 Kg7 38. Kf5 Kf7 39. Ke4+ Nf4 40. Bg5
Nf6+ 41. Bxf6 Nxe2 42. Bxe5+ Ke6 43. Rf6+ Ke7 44. Rxd6 1-0

[Event "Admiral Niels Juel Cup 2013"]
[Site "Koge"]
[Date "2013.04.21"]
[Round "3"]
[White "Stojanovski, Sandi"]
[Black "Aage, Bjarke Gadgaard"]
[Result "1/2-1/2"]
[WhiteElo "2260"]
[BlackElo "2067"]
[PlyCount "48"]
[EventDate "2013.??.??"]
[EventCountry "DEN"]


1. d4 d5 2. c4 c6 3. Nf3 Nf6 4. Nc3 e6 5. Bg5 Nbd7 6. e3 Qa5 7. cxd5 exd5 8.
Bd3 Ne4 9. O-O Nxg5 10. Nxg5 Nf6 11. f4 g6 12. f5 Bg7 13. Qe1 h6 14. Nf3 g5 15.
e4 dxe4 16. Bxe4 O-O 17. Ne5 Re8 18. Qf2 Nxe4 19. Nxe4 Bxe5 20. dxe5 Rxe5 21.
Nf6+ Kg7 22. Nh5+ Kh7 23. Nf6+ Kg7 24. Nh5+ Kh7 1/2-1/2

[Event "Admiral Niels Juel Cup 2013"]
[Site "Koge"]
[Date "2013.04.21"]
[Round "3"]
[White "Rishubh Naresh, Naik"]
[Black "Thuesen, Mogens Henrik"]
[Result "1-0"]
[WhiteElo "1942"]
[BlackElo "2261"]
[PlyCount "121"]
[EventDate "2013.??.??"]
[EventCountry "DEN"]


1. d4 Nf6 2. Nf3 e6 3. e3 b6 4. Bd3 Bb7 5. Nbd2 c5 6. b3 Nc6 7. Bb2 cxd4 8.
exd4 Nb4 9. Be2 Nbd5 10. c4 Nf4 11. Bf1 Be7 12. g3 Ng6 13. Bg2 Qc7 14. Rc1 Rc8
15. O-O Qb8 16. Qe2 d5 17. cxd5 Bxd5 18. Qb5+ Kf8 19. Ne5 Bxg2 20. Kxg2 Qb7+
21. Kg1 Rd8 22. Ndc4 Nd5 23. Na5 Qa8 24. Nac6 Nxe5 25. dxe5 a6 26. Qa4 b5 27.
Qa5 Rc8 28. Na7 Rb8 29. Qxa6 g5 30. Rc8+ Kg7 31. Rxh8 Kxh8 32. Bd4 Nb4 33. Qa5
Qd5 34. Bc3 Nd3 35. Qc7 Rb7 36. Qc8+ Kg7 37. Nc6 Rd7 38. Nxe7 Rxe7 39. Qb8 b4
40. Bxb4 Nxb4 41. Qxb4 Ra7 42. a4 Rb7 43. Qg4 Qxe5 44. b4 h5 45. Qc4 Rc7 46.
Qb3 Rc3 47. Qd1 Kh6 48. Re1 Qf5 49. Qd4 Rc2 50. Rf1 e5 51. Qd6+ Kg7 52. Qd5 Rb2
53. b5 Rb4 54. Re1 f6 55. a5 Rd4 56. Qc6 e4 57. a6 Rd2 58. Rf1 Qf3 59. Qc5 Rd1
60. Qe3 Rxf1+ 61. Kxf1 1-0

[Event "Admiral Niels Juel Cup 2013"]
[Site "Koge"]
[Date "2013.04.21"]
[Round "3"]
[White "Stuhr, Peter Sebastian"]
[Black "Rosenkilde, Alexander"]
[Result "0-1"]
[WhiteElo "1941"]
[BlackElo "2247"]
[PlyCount "66"]
[EventDate "2013.??.??"]
[EventCountry "DEN"]


1. e4 c5 2. Nc3 Nc6 3. f4 e6 4. Nf3 d5 5. Bb5 Nge7 6. Ne5 Bd7 7. exd5 Nxe5 8.
fxe5 Bxb5 9. Nxb5 Nxd5 10. Qf3 Be7 11. Qg4 O-O 12. c4 Nb4 13. O-O a6 14. Nc3
Nd3 15. b3 Nxe5 16. Qe4 Qd4+ 17. Qxd4 cxd4 18. Ne2 Rad8 19. Bb2 Nd3 20. Rab1 e5
21. Rf3 e4 22. Rxd3 exd3 23. Nf4 Bg5 24. Nd5 Bxd2 25. Bxd4 Rfe8 26. Kf1 Bg5 27.
Rd1 Re2 28. a4 Rd2 29. Re1 Rc2 30. Bb6 d2 31. Rd1 Re8 32. Ba5 Rc1 33. Nc3 Re1+
0-1